000 00422nam a2200169 i 4500
001 bg
100 1 _aROBINSON, John
245 0 _aIntegrated theory of finite element mothods /
_cJohn Robinson.
260 _aLondon :
_bJohn Wiley and Sons,
_c1973.
020 _a0471728071
040 _cBPK
041 _apol
080 _a624
920 _a0-471-72807-1
942 _cKS
008 s pl f |000 0 pol
999 _c17460
_d17460
856 _uhttp://koha.tu.koszalin.pl/cgi-bin/koha/opac-detail.pl?biblionumber=17460
_yKatalog online BPK